[Event "7th Sunway Sitges 2020"]
[Site "Sitges ESP"]
[Date "2020.12.14"]
[Round "2.39"]
[White "Prats Rodriguez, Juan Bosco"]
[Black "Tadevosyan, Aspet"]
[Result "1/2-1/2"]
[WhiteElo "2039"]
[BlackElo "2184"]
[WhiteFideId "2221411"]
[BlackFideId "24526134"]
[EventDate "2020.12.13"]

1. e4 c5 2. Nc3 a6 3. g3 b5 4. Bg2 Bb7 5. Nh3 e6 6. O-O Be7 7. d3 b4 8. Na4 Bc6
9. c4 Qa5 10. b3 Bxa4 11. bxa4 Bf6 12. Rb1 Nc6 13. f4 Bd4+ 14. Kh1 Nge7 15. Ng5
Nc8 16. e5 Nb6 17. Qh5 g6 18. Qh6 Qxa4 19. Qg7 O-O-O 20. Nxf7 Rhg8 21. Qxh7 Qxa2
22. Nxd8 Rxd8 23. Be3 Bxe3 24. Ra1 Qe2 25. Qxg6 Bd4 26. Rae1 Qd2 27. Bxc6 dxc6
28. Qxe6+ Kb7 29. Qf7+ Rd7 30. Qf5 Bf2 31. e6 Re7 32. Re5 b3 33. Qf8 Nc8 34. Qd8
Bd4 35. Ree1 Rh7 36. h4 Qxd3 37. e7 Rxh4+ 38. Kg2 Qd2+ 39. Kf3 Qd3+ 40. Kg2 Qd2+
41. Kf3 Qd3+ 42. Kg2 Qd2+ 43. Kf3 Qd3+ 1/2-1/2

[Event "7th Sunway Sitges 2020"]
[Site "Sitges ESP"]
[Date "2020.12.14"]
[Round "2.40"]
[White "Rodriguez Redondo, Adhara"]
[Black "Sismeiro, Miguel"]
[Result "1-0"]
[WhiteTitle "WFM"]
[WhiteElo "2183"]
[BlackElo "2035"]
[WhiteFideId "32065698"]
[BlackFideId "1950975"]
[EventDate "2020.12.13"]

1. e4 c5 2. Nf3 e6 3. d4 cxd4 4. Nxd4 Nc6 5. Nc3 Qc7 6. Be2 a6 7. O-O Nf6 8. Be3
Be7 9. f4 d6 10. a4 O-O 11. Nb3 b6 12. Bf3 Bb7 13. g4 Nd7 14. Bg2 Rfe8 15. g5
Nb4 16. Rc1 Rad8 17. Qg4 d5 18. exd5 exd5 19. Bd4 Bd6 20. Rf3 Nf8 21. Kh1 Nxc2
22. Rxc2 Qc4 23. Rc1 Qxb3 24. f5 Qb4 25. g6 Be5 26. gxf7+ Kxf7 27. Qh5+ Kg8 28.
f6 gxf6 29. Bxe5 fxe5 30. Qf7+ Kh8 31. Qxb7 Qxb2 32. Rcf1 e4 33. Rh3 Rd7 34. Qc6
Rg7 35. Rg3 Rxg3 36. hxg3 Rb8 37. Qd6 Nd7 38. Qxd7 Qxc3 39. Qxd5 Qxg3 40. Qxe4
Qg7 41. Qf4 Rg8 42. Bd5 Rd8 43. Rg1 Qc3 44. Qg4 h6 45. Qh4 Kh7 46. Qe7+ 1-0

[Event "7th Sunway Sitges 2020"]
[Site "Sitges ESP"]
[Date "2020.12.14"]
[Round "2.41"]
[White "Odnorozhenko, Evgenyi"]
[Black "Garcia Ruiz, Adrian"]
[Result "1/2-1/2"]
[WhiteTitle "IM"]
[WhiteElo "2170"]
[BlackElo "2024"]
[WhiteFideId "14116588"]
[BlackFideId "22288112"]
[EventDate "2020.12.13"]

1. d4 Nf6 2. c4 g6 3. Nc3 Bg7 4. e4 d6 5. Nf3 O-O 6. Be2 e5 7. d5 a5 8. Bg5 h6
9. Bh4 Na6 10. Nd2 Bd7 11. O-O Qe8 12. a3 a4 13. Nb5 Bxb5 14. cxb5 Nc5 15. f3 b6
16. b4 axb3 17. Nxb3 Nfd7 18. Bf2 f5 19. Nxc5 Nxc5 20. Bxc5 bxc5 21. a4 Ra5 22.
Qb3 Qb8 23. Qc4 Qa7 24. Bd1 f4 25. Bc2 Qb6 26. Kf2 Raa8 27. Ke2 Qa5 28. Rab1 Qb6
29. Ra1 Qa5 30. Rab1 Qb6 1/2-1/2

[Event "7th Sunway Sitges 2020"]
[Site "Sitges ESP"]
[Date "2020.12.14"]
[Round "2.42"]
[White "Diaz Carrasco, Sergio"]
[Black "Eizaguerri Floris, Maria"]
[Result "0-1"]
[BlackTitle "WFM"]
[WhiteElo "2036"]
[BlackElo "2167"]
[WhiteFideId "2276429"]
[BlackFideId "32065752"]
[EventDate "2020.12.13"]

1. Nf3 d5 2. c4 c6 3. b3 Nf6 4. Bb2 Bg4 5. d3 Nbd7 6. Nbd2 e6 7. g3 Bd6 8. Bg2
O-O 9. O-O e5 10. cxd5 cxd5 11. Rc1 Qe7 12. h3 Be6 13. Rc2 e4 14. dxe4 dxe4 15.
Ng5 Bf5 16. Ngxe4 Bxe4 17. Nxe4 Nxe4 18. Bxe4 Qxe4 19. Rd2 Be5 20. Ba3 Nf6 21.
Bxf8 Rxf8 22. Qc2 Qb4 23. Rfd1 Qb6 24. Kg2 h5 25. Qc4 Re8 26. b4 a5 27. b5 g6
28. a4 Kg7 29. e3 Bb8 30. Rc2 Re6 31. Qc8 Bd6 32. Rd4 Ne4 33. Qc4 Nf6 34. Qd3
Bc5 35. Rdc4 Bb4 36. e4 Rd6 37. Qe2 Nd7 38. f4 Nc5 39. e5 Rd5 40. f5 Qc7 41. f6+
Kh7 42. e6 fxe6 43. Qf2 Rf5 44. Qd4 b6 45. g4 e5 46. Qd3 Qb7+ 47. Kh2 Rf2+ 0-1

[Event "7th Sunway Sitges 2020"]
[Site "Sitges ESP"]
[Date "2020.12.14"]
[Round "2.43"]
[White "Aguado Doncel, Pablo Luis"]
[Black "Mayrhuber, Nikola"]
[Result "0-1"]
[BlackTitle "WFM"]
[WhiteElo "2158"]
[BlackElo "1998"]
[WhiteFideId "24538256"]
[BlackFideId "1637819"]
[EventDate "2020.12.13"]

1. d4 d5 2. c4 dxc4 3. e3 e5 4. Bxc4 exd4 5. exd4 Bd6 6. Nf3 Nf6 7. Qe2+ Qe7 8.
Qxe7+ Bxe7 9. O-O O-O 10. Bf4 Bd6 11. Bxd6 cxd6 12. Nc3 a6 13. Rfe1 b5 14. Bd3
Bb7 15. Ne4 Nxe4 16. Bxe4 Bxe4 17. Rxe4 Nd7 18. Re7 Nf6 19. Rc1 Nd5 20. Rd7 Rfd8
21. Rb7 Rac8 22. Rxc8 Rxc8 23. g3 h6 24. Nd2 Rc1+ 25. Nf1 Rc2 26. Rd7 Rxb2 27.
Rxd6 Nc3 28. Rxa6 Rxa2 29. Rxa2 Nxa2 30. Nd2 Nc1 31. Kf1 Kf8 32. Ke1 Ke7 33. Kd1
Nd3 34. Ke2 Nb4 35. Ne4 Nd5 36. Kd3 f5 37. Nc5 Nf6 38. f3 Nd7 39. Kc3 Kd6 40.
Kb4 Nb8 41. Kxb5 Kd5 42. Kb6 g5 43. Nb7 Nc6 44. f4 gxf4 45. gxf4 Nxd4 46. Nd8
Ne2 47. Nf7 h5 48. Nh6 Ke4 49. Kc5 Nxf4 50. Ng8 Nd5 51. Nh6 f4 52. Nf7 Nf6 53.
Ng5+ Ke3 54. Nh3 f3 55. Kd6 Ng4 56. Ke6 h4 57. Kf5 f2 58. Nxf2 Nxf2 59. h3 Kf3 0-1

[Event "7th Sunway Sitges 2020"]
[Site "Sitges ESP"]
[Date "2020.12.14"]
[Round "2.44"]
[White "Hapala, Elisabeth"]
[Black "Catarineu Morales, Alex"]
[Result "1/2-1/2"]
[WhiteTitle "WFM"]
[WhiteElo "2154"]
[BlackElo "1992"]
[WhiteFideId "1622080"]
[BlackFideId "22220534"]
[EventDate "2020.12.13"]

1. e4 c5 2. Nf3 d6 3. d4 cxd4 4. Nxd4 Nf6 5. Nc3 a6 6. h3 e6 7. g4 d5 8. exd5
Nxd5 9. Nde2 Bc5 10. Nxd5 exd5 11. Bg2 Qh4 12. O-O Be6 13. Nf4 Nc6 14. c4 dxc4
15. Nxe6 fxe6 16. Qa4 O-O 17. Qxc4 Bxf2+ 18. Kh1 Rf3 19. Qxe6+ Kh8 20. g5 Rff8
21. Bd2 Nd4 22. Qg4 Qxg4 23. hxg4 Ne2 24. Rfd1 Rf7 25. Bd5 Rd7 26. Kg2 Rxd5 27.
Kxf2 Re5 28. Re1 Rf8+ 29. Kg2 Rfe8 30. Rf1 Re4 31. Kh3 Nd4 32. Rf4 Rxf4 33. Bxf4
Kg8 34. Rd1 Re4 35. Bd2 Ne6 36. Bc1 Rd4 37. Re1 Rd3+ 38. Kh2 Kf7 39. b3 Rd4 40.
Kg3 Rd3+ 41. Kh4 Nd4 42. Re3 Rxe3 43. Bxe3 Ne6 44. Kg3 Kg6 45. Kh4 Kf7 1/2-1/2

[Event "7th Sunway Sitges 2020"]
[Site "Sitges ESP"]
[Date "2020.12.14"]
[Round "2.45"]
[White "Carroll, Peter"]
[Black "Le Pen, Steven"]
[Result "1-0"]
[WhiteTitle "CM"]
[WhiteElo "2031"]
[BlackElo "2141"]
[WhiteFideId "2510243"]
[BlackFideId "612197"]
[EventDate "2020.12.13"]

1. e4 c5 2. Nf3 d6 3. d4 cxd4 4. Nxd4 Nf6 5. Nc3 Nc6 6. Bg5 e6 7. Qd2 a6 8. f4
Bd7 9. O-O-O b5 10. Bxf6 gxf6 11. Kb1 Qb6 12. f5 Nxd4 13. Qxd4 Qxd4 14. Rxd4 Rg8
15. g3 Bc6 16. Bh3 Ke7 17. Re1 Bb7 18. a4 bxa4 19. Red1 Rd8 20. Rb4 Bc6 21. Rb6
Bb5 22. Nxb5 axb5 23. Rxb5 Bh6 24. Rd4 Be3 25. Rxa4 Rd7 26. c3 e5 27. Bf1 Bg1
28. Be2 Bxh2 29. g4 Bf4 30. Rd5 Rb8 31. Ra6 Rdb7 32. b4 Rd7 33. Bb5 Rc7 34. c4
Rd8 35. Kc2 Be3 36. Kd3 Bd4 37. Kc2 Rb7 38. Kb3 Rc7 39. Ba4 Ra7 40. Rxa7+ Bxa7
41. Ra5 Bd4 42. Ka3 Rb8 43. Ra6 Bb6 44. Bc6 Bd4 45. Ka4 Rg8 46. Kb5 Rb8+ 47. Ka5
Bc3 48. Ra7+ Kf8 49. Bb5 Kg7 50. Rd7 Ra8+ 51. Ba6 Rb8 52. Bb7 Kh6 53. Kb5 Kg5
54. c5 d5 55. exd5 e4 56. Kc4 e3 57. Kxc3 Re8 58. Ba6 1-0

[Event "7th Sunway Sitges 2020"]
[Site "Sitges ESP"]
[Date "2020.12.14"]
[Round "2.46"]
[White "Papadiamandis, Elliot"]
[Black "Gutierrez Palomino, Albert"]
[Result "1-0"]
[WhiteTitle "CM"]
[WhiteElo "2134"]
[BlackElo "1984"]
[WhiteFideId "36074160"]
[BlackFideId "54565693"]
[EventDate "2020.12.13"]

1. e4 e6 2. d4 d5 3. Nd2 c5 4. exd5 exd5 5. Ngf3 Nc6 6. Bb5 Qe7+ 7. Qe2 Qxe2+ 8.
Kxe2 a6 9. Bxc6+ bxc6 10. c3 f6 11. dxc5 Bxc5 12. Nb3 Bd6 13. Be3 Ne7 14. Rhe1
Kf7 15. Bc5 Bc7 16. Nfd4 Bd7 17. Bxe7 Kxe7 18. Nc5 Be5 19. Kd3 Kd6 20. b4 g5 21.
a4 Be8 22. g3 Bg6+ 23. Kd2 Rhb8 24. a5 h5 25. f3 h4 26. Re3 hxg3 27. hxg3 Rh8
28. Rf1 Rh2+ 29. Ne2 Re8 30. Kd1 f5 31. f4 gxf4 32. gxf4 Bf6 33. Rxe8 Bxe8 34.
Nd4 Ra2 35. Re1 Bh5+ 36. Kc1 Bxd4 37. Re6+ Kc7 38. cxd4 Be2 39. Rf6 Bb5 40. Rxf5
Rf2 41. Rf8 Kd6 42. Rf7 Rf1+ 43. Kd2 Rf2+ 44. Ke3 Re2+ 45. Kf3 Re7 46. Rxe7 Kxe7
47. f5 Kf6 48. Kf4 Be2 49. Nd7+ Ke7 50. Ne5 1-0

[Event "7th Sunway Sitges 2020"]
[Site "Sitges ESP"]
[Date "2020.12.14"]
[Round "2.47"]
[White "Menac Comas, Joan Ramon"]
[Black "Roque, Gaetan"]
[Result "1-0"]
[WhiteTitle "CM"]
[WhiteElo "2014"]
[BlackElo "2132"]
[WhiteFideId "2255308"]
[BlackFideId "20666934"]
[EventDate "2020.12.13"]

1. Nf3 g6 2. e4 d6 3. d4 Bg7 4. Bc4 Nf6 5. Qe2 d5 6. exd5 Nxd5 7. O-O c6 8. c3
O-O 9. Re1 Re8 10. Nbd2 b5 11. Bb3 b4 12. Ne4 a5 13. Bg5 Ba6 14. Qd2 bxc3 15.
bxc3 Nb6 16. Qf4 Rf8 17. Qh4 Re8 18. Bxf7+ Kxf7 19. Qxh7 Kf8 20. Bh6 Bxh6 21.
Qh8+ Kf7 22. Neg5+ 1-0

[Event "7th Sunway Sitges 2020"]
[Site "Sitges ESP"]
[Date "2020.12.14"]
[Round "2.48"]
[White "Villar Reymundo, Juan Antonio"]
[Black "Rocamora Martorell, Ferran"]
[Result "1-0"]
[WhiteElo "2129"]
[BlackElo "1931"]
[WhiteFideId "3802744"]
[BlackFideId "54524130"]
[EventDate "2020.12.13"]

1. Nf3 Nf6 2. g3 g6 3. b3 Bg7 4. Bb2 d6 5. d4 O-O 6. Bg2 Nbd7 7. O-O c6 8. c4
Qc7 9. Nc3 Rd8 10. h3 a5 11. Rc1 Qb8 12. Qc2 e5 13. Rfd1 Re8 14. e4 exd4 15.
Nxd4 h5 16. Re1 Nh7 17. Rcd1 Nc5 18. Bc1 Bd7 19. Be3 Qc7 20. f4 Re7 21. Bf2 Rae8
22. a3 Na6 23. Kh2 Qc8 24. Nf3 Qc7 25. Bd4 Bxd4 26. Rxd4 Nf8 27. Red1 Nc5 28.
Rxd6 Re6 29. R6d2 R6e7 30. b4 axb4 31. axb4 Na6 32. Qb1 Rc8 33. b5 Nc5 34. Qb4
b6 35. Ne5 Be8 36. bxc6 Bxc6 37. Nxc6 Qxc6 38. e5 Qe8 39. Nd5 Re6 40. Nf6+ Rxf6
41. exf6 h4 42. Qa3 hxg3+ 43. Qxg3 Ne4 44. Bxe4 Qxe4 45. Rd4 Qe2+ 46. Qg2 Qe6
47. Qg4 Qe3 48. f5 Qf2+ 49. Kh1 1-0

[Event "7th Sunway Sitges 2020"]
[Site "Sitges ESP"]
[Date "2020.12.14"]
[Round "2.49"]
[White "Garcia De Blas, Esteban"]
[Black "Ruperez, Miguel"]
[Result "0-1"]
[WhiteElo "1994"]
[BlackElo "2124"]
[WhiteFideId "2229919"]
[BlackFideId "115177"]
[EventDate "2020.12.13"]

1. d4 Nf6 2. Nf3 e6 3. Bf4 d5 4. e3 c5 5. c3 Bd6 6. Bg3 Qc7 7. Nbd2 Nbd7 8. Bd3
O-O 9. O-O Bxg3 10. hxg3 e5 11. dxe5 Nxe5 12. Be2 Neg4 13. Qa4 Re8 14. Rfe1 Bd7
15. Bb5 Bxb5 16. Qxb5 Ne4 17. Re2 a6 18. Qb3 c4 19. Qc2 Qc6 20. Rd1 Qh6 21. Nf1
Rad8 22. Qa4 b5 23. Qb4 Qh5 24. a3 Re6 25. Qa5 Rde8 26. Nh4 Ngxf2 0-1

[Event "7th Sunway Sitges 2020"]
[Site "Sitges ESP"]
[Date "2020.12.14"]
[Round "2.50"]
[White "Pozanco Romasanta, Marc"]
[Black "Pellicer Roncero, Nestor"]
[Result "1-0"]
[WhiteElo "2116"]
[BlackElo "1920"]
[WhiteFideId "2255138"]
[BlackFideId "22214119"]
[EventDate "2020.12.13"]

1. d4 d5 2. c4 e6 3. Nc3 Nf6 4. cxd5 exd5 5. Bg5 Be7 6. e3 Nbd7 7. Nf3 c6 8. Qc2
Nf8 9. Bd3 Ne6 10. Bxf6 Bxf6 11. b4 g6 12. O-O O-O 13. Rfd1 b6 14. b5 c5 15.
Nxd5 Bg7 16. Rac1 Bb7 17. dxc5 Qxd5 18. c6 Rac8 19. Bxg6 Qxb5 20. Bxh7+ Kh8 21.
Be4 Ba8 22. Rd5 Qb2 23. Rh5+ Kg8 24. Bh7+ Kh8 25. Bg8+ Kxg8 26. Qh7# 1-0

[Event "7th Sunway Sitges 2020"]
[Site "Sitges ESP"]
[Date "2020.12.14"]
[Round "2.51"]
[White "Lohia, Sohum"]
[Black "Altisen Palmada, Roberto"]
[Result "0-1"]
[WhiteElo "1987"]
[BlackElo "2102"]
[WhiteFideId "5819369"]
[BlackFideId "2208652"]
[EventDate "2020.12.13"]

1. e4 c5 2. g3 g6 3. Bg2 Bg7 4. Ne2 Nc6 5. O-O e6 6. c4 Nge7 7. Nbc3 O-O 8. d3
d6 9. Rb1 Rb8 10. a3 a6 11. b4 cxb4 12. axb4 b5 13. cxb5 axb5 14. d4 f5 15. exf5
Rxf5 16. d5 exd5 17. Nxd5 Ne5 18. Nd4 Rh5 19. f4 Ng4 20. h3 Nxd5 21. hxg4 Bxg4
22. Bxd5+ Rxd5 23. Qxg4 Bxd4+ 24. Kg2 Rf5 25. Bb2 Qf6 26. Qe2 Bxb2 27. Rxb2 Rc8
28. Rc2 Rxc2 29. Qxc2 Qe6 30. g4 Rf7 31. f5 gxf5 32. Rxf5 Rxf5 33. gxf5 Qd5+ 34.
Kh2 Qe5+ 35. Kg2 Kg7 36. Qc7+ Kf6 37. Qxh7 Qxf5 38. Qh8+ Kg5 39. Qg8+ Qg6 40.
Qb3 Qe4+ 41. Kg3 d5 42. Qc3 Qf4+ 43. Kg2 Qc4 44. Qd2+ Kf5 45. Qf2+ Ke4 46. Qe1+
Kd3 47. Qd1+ Kc3 48. Qe1+ Kb3 49. Qb1+ Ka3 50. Qd1 Kxb4 51. Kf2 Kc5 52. Qh5 b4
53. Qe8 b3 54. Qe7+ Kb5 55. Qb7+ Ka4 56. Qa7+ Kb4 57. Qb6+ Ka3 58. Qd6+ Kb2 59.
Kg2 d4 60. Qe5 Kc2 61. Qe4+ Qd3 62. Qc6+ Qc3 63. Qe4+ d3 64. Kf2 Qd2+ 65. Kf3
Qe2+ 66. Qxe2+ dxe2 67. Kxe2 b2 0-1

[Event "7th Sunway Sitges 2020"]
[Site "Sitges ESP"]
[Date "2020.12.14"]
[Round "2.52"]
[White "Ezquerro Luque, Albert"]
[Black "Villa Tornero, Alex"]
[Result "1-0"]
[WhiteElo "2101"]
[BlackElo "1917"]
[WhiteFideId "2276682"]
[BlackFideId "54501091"]
[EventDate "2020.12.13"]

1. e4 Nf6 2. Nc3 d5 3. exd5 Nxd5 4. g3 Bf5 5. Bg2 e6 6. Nf3 Nc6 7. Nh4 Bg6 8.
Nxd5 exd5 9. d4 Be7 10. Nxg6 hxg6 11. Qg4 Nb4 12. Qe2 c5 13. c3 Nc6 14. dxc5 d4
15. cxd4 Nxd4 16. Qc4 Qa5+ 17. b4 Qxb4+ 18. Qxb4 Nc2+ 19. Ke2 Nxb4 20. Bxb7 Rb8
21. c6 Bd6 22. Be3 O-O 23. Rhd1 Be5 24. Bxa7 Rbe8 25. Kf1 Bxa1 26. Rxa1 Ra8 27.
Bc5 Nd5 28. Bxf8 Rxf8 29. a4 Nc7 30. a5 Nb5 31. a6 Na7 32. c7 1-0

[Event "7th Sunway Sitges 2020"]
[Site "Sitges ESP"]
[Date "2020.12.14"]
[Round "2.53"]
[White "Villa Izquierdo, Roberto"]
[Black "Silva, Pedro Gil Ferreira Da"]
[Result "0-1"]
[WhiteElo "1962"]
[BlackElo "2100"]
[WhiteFideId "2218216"]
[BlackFideId "1946102"]
[EventDate "2020.12.13"]

1. e4 c5 2. d3 Nc6 3. Nf3 d6 4. g3 g6 5. Bg2 Bg7 6. Nbd2 e5 7. O-O Nge7 8. Ne1
f5 9. f4 O-O 10. c3 Be6 11. Ndf3 h6 12. Be3 b6 13. Qd2 Kh7 14. Nc2 Rc8 15. a3
Qc7 16. Rae1 Rcd8 17. fxe5 dxe5 18. Qe2 f4 19. Bf2 g5 20. gxf4 exf4 21. h3 Qd7
22. d4 cxd4 23. cxd4 g4 24. hxg4 Bxg4 25. d5 Ne5 26. Ncd4 Rg8 27. Bh4 Bh8 28.
Kh1 Rdf8 29. Rc1 N7g6 30. Be1 Nxf3 31. Nxf3 Ne5 32. Nxe5 Bxe5 33. Bf3 Bh3 34.
Rg1 Rxg1+ 35. Kxg1 Rg8+ 36. Kh2 Rg2+ 37. Qxg2 Bxg2 38. Kxg2 Bxb2 39. Rc6 Be5 40.
Re6 0-1

[Event "7th Sunway Sitges 2020"]
[Site "Sitges ESP"]
[Date "2020.12.14"]
[Round "2.54"]
[White "Llopis de Aysa, Manuel"]
[Black "Jimenez Martinez, Javier"]
[Result "1-0"]
[WhiteTitle "CM"]
[WhiteElo "2093"]
[BlackElo "1894"]
[WhiteFideId "2203162"]
[BlackFideId "2255499"]
[EventDate "2020.12.13"]

1. d4 Nf6 2. Nf3 g6 3. c4 Bg7 4. Nc3 O-O 5. e4 d6 6. Be2 e5 7. d5 a5 8. Bg5 h6
9. Bh4 Na6 10. Nd2 Bd7 11. O-O Qe8 12. b3 Nh7 13. a3 h5 14. f3 Bf6 15. Bxf6 Nxf6
16. b4 axb4 17. axb4 Nxb4 18. Qb3 Na6 19. Qxb7 Qb8 20. Rfb1 Nc5 21. Qxb8 Rfxb8
22. Rxb8+ Rxb8 23. Nb5 Bxb5 24. cxb5 Nfd7 25. Ra7 Rb7 26. Ra8+ Rb8 27. Rxb8+
Nxb8 28. b6 cxb6 29. Bb5 f5 30. exf5 gxf5 31. Nc4 Kf7 32. Nxb6 e4 33. Nc8 exf3
34. gxf3 f4 35. Nxd6+ Kf6 36. Nc4 Nbd7 37. Bxd7 Nxd7 38. Kf2 Ne5 39. Nxe5 Kxe5
40. Ke2 h4 41. Kd3 Kxd5 42. h3 Ke5 43. Kc4 1-0

[Event "7th Sunway Sitges 2020"]
[Site "Sitges ESP"]
[Date "2020.12.14"]
[Round "2.55"]
[White "Ribera Veganzones, Serni"]
[Black "Boixader Arbo, Xavier"]
[Result "1-0"]
[WhiteElo "1926"]
[BlackElo "2091"]
[WhiteFideId "6900860"]
[BlackFideId "32067305"]
[EventDate "2020.12.13"]

1. e4 e6 2. d4 d5 3. Nd2 Nc6 4. Ngf3 Nf6 5. e5 Nd7 6. Nb3 a5 7. a4 Be7 8. Bf4
O-O 9. Bb5 f6 10. exf6 Bxf6 11. O-O Ne7 12. Re1 c6 13. Bd3 c5 14. dxc5 Bxb2 15.
Bxh7+ Kh8 16. Ng5 Nf6 17. Rb1 Qe8 18. Bd3 Qxa4 19. Bd6 Bd4 20. Nxd4 Qxd4 21.
Bxe7 Ng4 22. Bxf8 Qxf2+ 23. Kh1 Qf4 24. Bd6 Qxg5 25. Qf3 Bd7 26. Rf1 Nf6 27.
Qh3+ Kg8 28. Rxf6 Qxf6 29. Qh7+ Kf7 30. Rf1 Qxf1+ 31. Bxf1 a4 32. Be5 1-0

[Event "7th Sunway Sitges 2020"]
[Site "Sitges ESP"]
[Date "2020.12.14"]
[Round "2.56"]
[White "Guillo Longares, Cecilia"]
[Black "Follana Albelda, Lucia"]
[Result "1/2-1/2"]
[WhiteTitle "WFM"]
[WhiteElo "2089"]
[BlackElo "1884"]
[WhiteFideId "32082681"]
[BlackFideId "24516937"]
[EventDate "2020.12.13"]

1. d4 g6 2. c4 Nf6 3. Nf3 Bg7 4. g3 O-O 5. Bg2 d6 6. O-O Nc6 7. Nc3 e5 8. dxe5
dxe5 9. h3 Be6 10. b3 h6 11. Be3 Qc8 12. Kh2 Rd8 13. Qc1 Kh7 14. Qb2 Rd7 15.
Rad1 Qe8 16. Rxd7 Nxd7 17. Nd5 e4 18. Nd4 Bxd5 19. cxd5 Nb4 20. Qd2 Nxd5 21. Nb5
N7f6 22. a4 a6 23. Na3 Rd8 24. Rc1 Rd7 25. Nc4 Nf4 26. Qb4 Nxg2 27. Kxg2 b6 28.
Nd2 Qe6 29. Qc4 Nd5 30. Nxe4 f5 31. Nd2 Nxe3+ 32. fxe3 Qxe3 33. Nf3 b5 34. axb5
axb5 35. Qxb5 Re7 36. Rc2 Bd4 37. Nxd4 Qe4+ 38. Kf1 Qxd4 39. Qc5 Qe4 40. Qc6 Qe5
41. Qc3 Qd5 42. Qc5 Qh1+ 43. Kf2 Qh2+ 44. Kf3 Rg7 45. Qe5 Qh1+ 46. Kf2 Qh2+ 1/2-1/2

[Event "7th Sunway Sitges 2020"]
[Site "Sitges ESP"]
[Date "2020.12.14"]
[Round "2.57"]
[White "Donate Moreno, Silvia"]
[Black "Alcala Gonzalez, Cesar"]
[Result "1/2-1/2"]
[WhiteElo "1903"]
[BlackElo "2088"]
[WhiteFideId "24581887"]
[BlackFideId "24584878"]
[EventDate "2020.12.13"]

1. e4 c6 2. d4 d5 3. exd5 cxd5 4. Bd3 Nc6 5. c3 Qc7 6. h3 Nf6 7. Nf3 g6 8. O-O
Bf5 9. Re1 e6 10. Bf1 Bg7 11. Nbd2 O-O 12. g4 Be4 13. Ng5 Rad8 14. f3 Qg3+ 15.
Kh1 Bc2 16. Qe2 h6 17. Bg2 Bd3 18. Nf1 Bxe2 19. Nxg3 Ba6 20. Nxe6 fxe6 21. Rxe6
Rfe8 22. Rxe8+ Rxe8 23. Bd2 Bf8 24. Kg1 Bd6 25. f4 Bd3 26. Kf2 Kg7 27. Bf3 Ne4+
28. Nxe4 dxe4 29. Re1 Rf8 30. Bxe4 Bxf4 31. Bxf4 Rxf4+ 32. Bf3 g5 33. d5 Nd8 34.
b3 Rf7 35. Re3 Bb1 36. a3 b6 37. c4 Nb7 38. Ke1 Nc5 39. Kd2 Rf4 40. Kc3 Be4 41.
Bxe4 Rxe4 42. Rf3 Rf4 43. Re3 Kf7 44. Kb4 a6 45. Kc3 Ne4+ 46. Kb4 Nd6 47. Re6
Rf6 48. Re3 Nb7 49. Kc3 a5 50. b4 Rf4 1/2-1/2

[Event "7th Sunway Sitges 2020"]
[Site "Sitges ESP"]
[Date "2020.12.14"]
[Round "2.58"]
[White "Sanchez Lopez, Juan Manuel"]
[Black "Bibilashvili, Lali"]
[Result "1/2-1/2"]
[BlackTitle "WCM"]
[WhiteElo "2085"]
[BlackElo "1830"]
[WhiteFideId "2227037"]
[BlackFideId "13604236"]
[EventDate "2020.12.13"]

1. c4 Nf6 2. Nc3 g6 3. e4 d6 4. d4 Bg7 5. Nf3 O-O 6. Be3 Nbd7 7. Nd2 e5 8. d5 c5
9. Be2 Ne8 10. Rb1 f5 11. f3 a6 12. a3 Nef6 13. Qc2 Nh5 14. b4 Nf4 15. Bf1 b6
16. bxc5 bxc5 17. Qa4 Rb8 18. Rxb8 Nxb8 19. Nb3 Qb6 20. Nd2 Bd7 21. Qb3 Qc7 22.
g3 Nh5 23. Bd3 f4 24. Bf2 fxg3 25. hxg3 Bh6 26. Be2 Qd8 27. Nf1 Bg7 28. Be3 Be8
29. Bd2 Bf6 30. a4 Rf7 31. a5 Qc8 32. Qb6 Be7 33. Bd1 Bf8 34. Qb3 Rb7 35. Qa3
Rb4 36. Ne2 Rb1 37. g4 Nf6 38. Ne3 h5 39. Qd3 Rb7 40. Ng3 Bh6 41. gxh5 Bf4 42.
Nef1 Nxh5 43. Ne2 Rf7 44. Nxf4 Nxf4 45. Bxf4 Rxf4 46. Ne3 Qd8 47. Ng2 Qxa5+ 48.
Kf2 Rf7 49. Qe3 Rh7 50. Rxh7 Kxh7 51. Qg5 Qc7 52. Ne3 Qf7 53. Qd8 Nd7 54. Ng4
Kg7 55. Kg2 Kf8 56. Ba4 Qe7 57. Qa5 Nf6 58. Nxf6 Qxf6 59. Bc6 Qg5+ 60. Kf2 Qh4+
61. Kf1 Qh1+ 62. Kf2 Qh2+ 1/2-1/2

[Event "7th Sunway Sitges 2020"]
[Site "Sitges ESP"]
[Date "2020.12.14"]
[Round "2.59"]
[White "Gayon, Benoit"]
[Black "Kanov, Nikola"]
[Result "0-1"]
[BlackTitle "CM"]
[WhiteElo "1891"]
[BlackElo "2079"]
[WhiteFideId "632040"]
[BlackFideId "2928531"]
[EventDate "2020.12.13"]

1. e4 e6 2. d4 d5 3. e5 c5 4. c3 Nc6 5. Be3 Qb6 6. Qd2 f6 7. Nf3 fxe5 8. Nxe5
Nxe5 9. dxe5 Bd7 10. Bd3 O-O-O 11. O-O Qc7 12. f4 Ne7 13. Qf2 c4 14. Be2 Nc6 15.
b4 b6 16. Na3 Qb8 17. Nb5 g5 18. Nxa7+ Nxa7 19. Bxb6 Nb5 20. Bxd8 Kxd8 21. Qg3
gxf4 22. Rxf4 Qa7+ 23. Kh1 Qa3 24. Raf1 Be7 25. Qg7 Re8 26. Bh5 Nxc3 27. Bxe8
Bxe8 28. Qxh7 Qxb4 29. Qc2 Bc5 30. Qd2 Ne4 31. Qxb4 Bxb4 32. Rb1 Bc5 33. g4 c3
34. Kg2 Be3 35. Rf8 Ke7 36. Rh8 Nc5 37. Rh7+ Kf8 38. Rb8 c2 39. Rh8+ Kg7 40.
Rbxe8 c1=Q 41. Rhg8+ Kh6 42. Kf3 Qd1+ 43. Kxe3 d4+ 44. Kf4 Qf1+ 45. Kg3 Ne4+ 46.
Kh4 Qf2+ 47. Kh3 Ng5+ 48. Rxg5 Kxg5 49. Rg8+ Kh6 50. Rd8 d3 0-1

[Event "7th Sunway Sitges 2020"]
[Site "Sitges ESP"]
[Date "2020.12.14"]
[Round "2.60"]
[White "Maloberti, David"]
[Black "Shatil, Or"]
[Result "1-0"]
[BlackTitle "WCM"]
[WhiteElo "2076"]
[BlackElo "1811"]
[WhiteFideId "620149"]
[BlackFideId "2842475"]
[EventDate "2020.12.13"]

1. d4 Nf6 2. c4 c5 3. d5 e6 4. Nc3 exd5 5. cxd5 d6 6. e4 g6 7. Nf3 Bg7 8. Bb5+
Bd7 9. Bxd7+ Nbxd7 10. Bf4 Qc7 11. O-O a6 12. Bxd6 Qxd6 13. e5 Nxe5 14. Nxe5 O-O
15. Nc4 Qd8 16. Re1 Re8 17. Rxe8+ Nxe8 18. a4 Nd6 19. Qb3 Nxc4 20. Qxc4 Rc8 21.
g3 Qb6 22. b3 Rd8 23. Rd1 Bxc3 24. Qxc3 Qd6 25. h4 h5 26. Qd3 Kg7 27. Kh2 Re8
28. f4 Qe7 29. d6 Qe2+ 30. Qxe2 Rxe2+ 31. Kg1 Re8 32. Rd5 Rd8 33. a5 Rc8 34. f5
Kf6 35. d7 Rd8 36. fxg6 fxg6 37. Rd6+ Kf7 38. Kf2 Ke7 39. Rxg6 Rxd7 40. Rg7+ Ke6
41. Rxd7 Kxd7 42. g4 hxg4 43. Kg3 b5 44. axb6 a5 45. h5 a4 46. bxa4 c4 47. b7
Kc7 48. b8=Q+ Kxb8 49. h6 c3 50. h7 c2 51. h8=Q+ 1-0